Statistics for NFL Dream Team

Click here to take the quiz!

General Stats

  • This quiz has been taken 42 times
  • The average score is 8 of 24

Answer Stats

PositionAnswer% Correct
WRJerry Rice
89%
QBJoe Montana
83%
RBWalter Payton
69%
CBDeion Sanders
53%
WRRandy Moss
53%
OLBLawrence Taylor
50%
MLBRay Lewis
44%
SEd Reed
42%
SRonnie Lott
39%
FBJim Brown
36%
OTAnthony Munoz
31%
OLBDick Butkus
31%
DTJoe Greene
31%
DEBruce Smith
25%
CBDick Lane
22%
CBRod Woodson
22%
DEDeacon Jones
19%
WRDon Hutson
17%
TEJohn Mackey
17%
OGGene Upshaw
14%
DTBob Lilly
8%
CJim Otto
8%
OGJohn Hannah
8%
OTForrest Gregg
6%

Score Distribution

Percentile by Number Answered

Percent of People with Each Score

Your Score History

You have not taken this quiz